000 02896cam a2200361 i 4500
001 23210156
003 EG-ScBUE
005 20250223102021.0
008 230630s2024 enka f b 001 0 eng d
020 _a9781032378701
040 _aDLC
_beng
_erda
_cDLC
_dDLC
_dEG-ScBUE
082 0 4 _a720.47
_222
_bJAN
100 1 _aJankovic, Ljubomir,
_eauthor.
245 1 0 _aDesigning zero carbon buildings :
_bembodied and operational emissions in achieving true zero /
_cLjubomir Jankovic.
250 _aThird edition.
264 1 _aAbingdon, Oxon ;
_aNew York, NY :
_bRoutledge/Taylor & Francis Group,
_c2024.
300 _a406 pages :
_bchiefly illustrations (some color) ;
_c29 cm
336 _atext
_btxt
_2rdacontent
337 _aunmediated
_bn
_2rdamedia
338 _avolume
_bnc
_2rdacarrier
500 _aRevised third edition of: Designing zero carbon buildings using dynamic simulation methods / Ljubomir Jankovic. New York : Routledge, 2017.
504 _aIncludes bibliographical references and index.
520 _a"In this significantly revised third edition, Designing Zero Carbon Buildings combines embodied and operational emissions into a structured approach for achieving zero emissions by a specific year with certainty. Simulation and quantitative methods are introduced in parallel with analogue scale models to demonstrate how things work in buildings. Where equations are provided, this is also explained with common analogue objects, pictures and narratives. A Zero Equation introduced in the book, is not only explained as an equation but also as an analogy with a jam jar and a spoon, making the book accessible for a range of audiences. Tasks for simple experiments, exercises, discussion questions and summaries of design principles are provided in closing lines of chapters. The book introduces new case studies, in addition to updated case study of the Birmingham Zero Carbon House, applying embodied and operational emissions to assess their status using the Zero Equation. The approach introduced brings about a sense of realism into what true zero emissions mean. Written for students, educators, architects, engineers, modellers, practising designers, sustainability consultants and others, it is a major positive step towards design thinking that makes achieving zero carbon emissions a reality"--
_cProvided by publisher.
650 7 _aSustainable buildings
_xDesign and construction.
_2BUEsh
650 7 _aBuildings
_xPerformance
_xComputer simulation.
_2BUEsh
650 7 _aCarbon dioxide mitigation.
_2BUEsh
653 _cFebruary2025
_bENGGEN
655 _vReading book
776 0 8 _iOnline version:
_aJankovic, Ljubomir.
_tDesigning zero carbon buildings.
_bThird edition
_dAbingdon, Oxon ; New York, NY : Routledge, 2024
_z9781003342342
_w(DLC) 2023030242
906 _a7
_bcbc
_corignew
_d1
_eecip
_f20
_gy-gencatlg
942 _2ddc
_cBB
999 _c30909
_d30880